000 00695nam a2200217Ii 4500
003 JO-AjNU
008 230605s9999||||xx |||||||||||||| ||und||
017 _a1980/1360
040 _aJO-AjNU
_bara
_erda
_cJO-AjNU
041 _aara
050 1 4 _aPJ7571.A2252 1980
100 3 _aعباس،عبد الجبار,
_eauthor
_914637
245 0 0 _aفي النقد القصصي
264 3 1 _aبغداد:وزارة الثقافة والإعلام،1980
300 _a330ص
336 _atext
_btxt
_2rdacontent
337 _aunmediated
_bn
_2rdamedia
338 _avolume
_bnc
_2rdacarrier
490 0 _aسلسلة دراسات (219)
650 4 _a القصة العربية-تاريخ ونقد
_914638
999 _aA3950
_c7518
_d7518